Learning Resource and Development

Regional integration, inclusive growth, and poverty : (Record no. 32053)

MARC details
000 -LEADER
fixed length control field 01768nam a2200325 i 4500
003 - CONTROL NUMBER IDENTIFIER
control field CSPC
005 - DATE AND TIME OF LATEST TRANSACTION
control field 20260323164936.0
008 - FIXED-LENGTH DATA ELEMENTS--GENERAL INFORMATION
fixed length control field 260314c2014 ph r p i 00 0 eng d
022 ## - INTERNATIONAL STANDARD SERIAL NUMBER
International Standard Serial Number 1908-3297
040 ## - CATALOGING SOURCE
Original cataloging agency CSPC
Language of cataloging eng
Transcribing agency CSPC
Description conventions rda
245 00 - TITLE STATEMENT
Title Regional integration, inclusive growth, and poverty :
Remainder of title enhancing employment opportunities for the poor.
264 #1 - PRODUCTION, PUBLICATION, DISTRIBUTION, MANUFACTURE, AND COPYRIGHT NOTICE
Place of production, publication, distribution, manufacture Makati City, Philippines :
Name of producer, publisher, distributor, manufacturer Philippine Institute for Development Studies,
Date of production, publication, distribution, manufacture, or copyright notice 2014.
300 ## - PHYSICAL DESCRIPTION
Extent volumes :
Other physical details illustrations ;
Dimensions 23 cm.
336 ## - CONTENT TYPE
Source rdacontent
Content type term text
337 ## - MEDIA TYPE
Source rdamedia
Media type term unmediated
338 ## - CARRIER TYPE
Source rdacarrier
Carrier type term volumes
490 #1 - SERIES STATEMENT
Series statement Research paper series no. 2014-01
504 ## - BIBLIOGRAPHY, ETC. NOTE
Bibliography, etc. note Includes bibliographical references
505 0# - FORMATTED CONTENTS NOTE
Formatted contents note Introduction -- Regional economic integration and its impacts on the Philippines -- Track record in poverty reduction -- Objectives of the paper -- Regional economic integration: Generating employment opportunities for the poor -- Subsectors affected by regional economic integration -- Absorption of less-educated workers in selected subsectors -- Labpr supply from the poor -- Conclusion and reccommendations -- Summary and conclusions -- Reccomendations -- References.
546 ## - LANGUAGE NOTE
Language note In English.
650 #0 - SUBJECT ADDED ENTRY--TOPICAL TERM
Topical term or geographic name entry element Economic development
General subdivision Periodicals.
Geographic subdivision Philippines
650 #0 - SUBJECT ADDED ENTRY--TOPICAL TERM
Topical term or geographic name entry element Employment
General subdivision Periodicals.
Geographic subdivision Philippines
650 #0 - SUBJECT ADDED ENTRY--TOPICAL TERM
Topical term or geographic name entry element Inclusive growth
General subdivision Periodicals.
650 #0 - SUBJECT ADDED ENTRY--TOPICAL TERM
Topical term or geographic name entry element Regional economic integration
General subdivision Periodicals.
650 #0 - SUBJECT ADDED ENTRY--TOPICAL TERM
Topical term or geographic name entry element Income distribution
General subdivision Periodicals.
Geographic subdivision Philippines
650 #0 - SUBJECT ADDED ENTRY--TOPICAL TERM
Topical term or geographic name entry element Poor
Form subdivision Employment
Geographic subdivision Philippines
700 1# - ADDED ENTRY--PERSONAL NAME
Personal name Reyes, Celia M.,
Relator term editor.
942 ## - ADDED ENTRY ELEMENTS (KOHA)
Source of classification or shelving scheme Dewey Decimal Classification
Suppress in OPAC No
Koha item type Serials
Classification part 339.4609599
Item part R263
Call number prefix SER
Call number suffix 2014
Holdings
Withdrawn status Lost status Source of classification or shelving scheme Damaged status Not for loan Home library Current library Shelving location Date acquired Serial Enumeration / chronology Total Checkouts Full call number Barcode Date last seen Copy number Price effective from Koha item type Public note
    Dewey Decimal Classification   Not For Loan Main Library Main Library Serials 03/14/2026 2014, Number 1   Ser BUSS 10 n.1 2014 01635S 03/14/2026 1-1 03/14/2026 Serials Journal